Euskalerritik Zerura ta beste ipui batzuk / (Record no. 147899)

MARC details
000 -LEADER
campo de control de longitud fija 00462nam a2200157 i 4500
001 - NÚMERO DE CONTROL
campo de control 147899
003 - IDENTIFICADOR DE NÚMERO DE CONTROL
campo de control ES-MaACL
005 - FECHA Y HORA DE LA ÚLTIMA TRANSACCIÓN
campo de control 20230906202318.0
007 - CAMPO FIJO DE DESCRIPCIÓN FÍSICA--INFORMACIÓN GENERAL
campo de control de longitud fija t|
008 - DATOS DE LONGITUD FIJA--INFORMACIÓN GENERAL
campo de control de longitud fija 071008s1961 sp ||||1| baq d
100 1# - ENTRADA PRINCIPAL--NOMBRE DE PERSONA
Nombre de persona Urruzuno, Pedro Miguel.
9 (RLIN) 112256
245 10 - MENCIÓN DEL TÍTULO
Título Euskalerritik Zerura ta beste ipui batzuk /
Mención de responsabilidad, etc. Pedro Miguel Urruzuno.
260 ## - PUBLICACIÓN, DISTRIBUCIÓN, ETC.
Lugar de publicación, distribución, etc. Zarauz :
Nombre del editor, distribuidor, etc. [s.n.],
Fecha de publicación, distribución, etc. 1961 (
Fabricante Icharopena)
300 ## - DESCRIPCIÓN FÍSICA
Extensión 147 p. ;
Dimensiones 18 cm.
852 ## - LOCALIZACIÓN
Ubicación ES-MaACL
Número de control de estantería C-20215
Sublocalización o colección R.48551
Holdings
Estatus retirado Estado de pérdida Estado de daño No para préstamo Biblioteca de origen Biblioteca actual Ubicación en estantería Fecha de adquisición Fuente de adquisición Total de préstamos Signatura topográfica completa Código de barras Visto por última vez Precio de reemplazo Tipo de ítem Koha
        Biblioteca del Ateneo de Madrid Biblioteca del Ateneo de Madrid Galería 17/01/2008     C-20215 1154349 23/02/2023 23/02/2023 Libro impreso